000 01133cam a2200277 4500
001 WB3717-06
008 000000n2001 000 0 eng u
035 _a(Sirsi) u112276
245 _aCorporate real estate
260 _c2001
490 _aFinancial Times
_vSurvey 27 April 2001, I-III(3) LOAN
520 _aAn FT Survey looking at trends in corporate real estate and the benefits of outsourcing and the opportunities this provides for investors. The public housing and retail sectors are also considered alongside the increase in the use of virtual leases and specialist facilities management providers. A case study of the telecommunications industry is included
590 _aWB
650 _aCORPORATE PROPERTY
650 _aCORPORATE REAL ESTATE
650 _aFACILITIES MANAGEMENT
_96240
650 _aOFFICE SECTOR
650 _aOUTSOURCING
650 _aPROPERTY INVESTMENT
650 _aPUBLIC HOUSING
650 _aRETAIL SECTOR
650 _aTELECOMMUNICATIONS SECTOR
650 _aVIRTUAL LEASES
690 _aPROPERTY-COMMERCIAL PROPERTY-COMMERCIAL PROPERTY FINANCE AND INVESTMENT
942 _n0
999 _c66848
_d66848